[Event "AUTO-OPEN-297"]
[Site "http://www.queenalice.com/game.php?id=77767"]
[Date "2006.6.18"]
[Round "1"]
[White "Winawer"]
[Black "TigraoSC"]
[Result "0-1"]
[WhiteElo "1679"]
[BlackElo "1791"]

1. e4 Nc6 2. d4 e5 3. Bc4 exd4 4. Nf3 Bc5 5. c3 Nf6 6. O-O Nxe4 7. cxd4 Bb6 8.
Re1 d5 9. Bxd5 Qxd5 10. Nc3 Qd8 11. Rxe4+ Ne7 12. Qe2 O-O 13. Rxe7 Bxd4 14. Nxd4
Qxd4 15. Re4 Qd8 16. Bd2 Bf5 17. Re3 Re8 18. Rxe8+ Qxe8 19. Re1 Be6 20. Nb5 Qd7
21. Nc3 Rd8 22. Bg5 Rc8 23. a3 h6 24. Rd1 Qc6 25. Rd8+ Rxd8 26. Bxd8 Qd6 27. Bh4
Qf4 28. Bg3 Qc1+ 29. Qd1 Qxb2 30. Qd8+ Kh7 31. Qd3+ g6 32. h3 Qa1+ 33. Kh2 Qxa3
34. Bxc7 Qc5 35. Bg3 Bf5 36. Ne4 Qe7 0-1

[Event "AUTO-OPEN-297"]
[Site "http://www.queenalice.com/game.php?id=77768"]
[Date "2006.6.18"]
[Round "1"]
[White "TigraoSC"]
[Black "Winawer"]
[Result "0-1"]
[WhiteElo "1471"]
[BlackElo "1542"]

1. d4 e6 2. e4 d5 3. e5 c5 4. c3 Nc6 5. Nf3 Qb6 6. Be3 cxd4 7. Bxd4 Nxd4 8. cxd4
Qxb2 9. Nbd2 Bb4 10. Rb1 Bxd2+ 11. Nxd2 Qxd4 12. Bb5+ Ke7 13. O-O Qxe5 14. Qc2
Nf6 15. Rfc1 a6 16. Qc7+ Qxc7 17. Rxc7+ Kd6 18. Rbc1 axb5 0-1

[Event "AUTO-OPEN-297"]
[Site "http://www.queenalice.com/game.php?id=77769"]
[Date "2006.6.18"]
[Round "1"]
[White "Winawer"]
[Black "kall_ms"]
[Result "1-0"]
[WhiteElo "1579"]
[BlackElo "1561"]

1. e4 e5 2. Nf3 Nc6 3. Bc4 Nf6 4. Ng5 d5 5. exd5 Na5 6. Bb5+ Bd7 7. Bxd7+ Qxd7
8. O-O Qxd5 9. Nc3 Qd8 10. Re1 Nc6 11. f4 Bc5+ 12. Kh1 Qd4 13. Nf3 Qxf4 14. d4
Qg4 15. dxc5 O-O 16. Qe2 Qg6 17. Ne4 Nd4 18. Nxf6+ Qxf6 19. Nxd4 exd4 20. Qc4
Rfe8 21. Bd2 Rxe1+ 22. Rxe1 Qf2 23. Qe2 Qxe2 24. Rxe2 f5 25. Kg1 h6 26. Kf2 g5
27. Re7 Rc8 28. Rd7 c6 29. Rxd4 Rc7 30. Rd6 Kg7 31. h4 f4 32. Bc3+ Kh7 33. h5 g4
34. Rd8 Rg7 35. Bxg7 Kxg7 36. Rd7+ Kf6 37. Rxb7 Kg5 38. Rxa7 Kxh5 39. Rc7 Kg5
40. Rxc6 h5 41. Rd6 h4 42. c6 h3 43. gxh3 gxh3 44. c7 h2 45. Rd1 1-0

[Event "AUTO-OPEN-297"]
[Site "http://www.queenalice.com/game.php?id=77770"]
[Date "2006.6.18"]
[Round "1"]
[White "kall_ms"]
[Black "Winawer"]
[Result "1-0"]
[WhiteElo "1500"]
[BlackElo "1517"]

1. d4 e6 2. c4 d5 3. a3 c5 4. cxd5 exd5 5. Nc3 Nf6 6. Bg5 Be7 7. e3 O-O 8. Bxf6
Bxf6 9. Be2 cxd4 10. exd4 Be6 11. h3 Qb6 12. Nf3 Nc6 13. O-O Qxb2 14. Na4 1-0

[Event "AUTO-OPEN-297"]
[Site "http://www.queenalice.com/game.php?id=77771"]
[Date "2006.6.18"]
[Round "1"]
[White "Winawer"]
[Black "azad_m"]
[Result "1-0"]
[WhiteElo "1500"]
[BlackElo "1435"]

1. e4 e5 2. Nf3 Nc6 3. Bc4 Nf6 4. Ng5 d5 5. exd5 Nxd5 6. Nxf7 Kxf7 7. Qf3+ Ke6
8. Nc3 Nb4 9. Qe4 c6 10. a3 Na6 11. d4 Kd7 12. Nxd5 cxd5 13. Qxd5+ Bd6 14. dxe5
Re8 15. e6+ Kc7 16. Bg5 Be7 17. Qe5+ Qd6 18. Qxg7 Bxe6 19. Rd1 Qc6 20. O-O Bxc4
21. Rfe1 Rad8 22. Rxe7+ Rxe7 23. Qxe7+ Kb6 24. Qxd8+ Nc7 25. Rd6 Qxd6 26. Qxd6+
Ka5 27. Bd2+ Kb5 28. Qxc7 a6 29. Qa5+ 1-0

[Event "AUTO-OPEN-297"]
[Site "http://www.queenalice.com/game.php?id=77772"]
[Date "2006.6.18"]
[Round "1"]
[White "azad_m"]
[Black "Winawer"]
[Result "0-1"]
[WhiteElo "1435"]
[BlackElo "1445"]

1. e4 e6 2. d4 d5 3. Nc3 Bb4 4. Bd2 dxe4 5. Nxe4 Qxd4 6. Nc3 Nf6 7. a3 Bc5 8.
Be3 Qxd1+ 9. Rxd1 Bxe3 10. fxe3 a6 11. Nf3 b6 12. a4 Bb7 13. Ne5 Nc6 14. Nxc6
Bxc6 15. Rg1 Ke7 16. b3 Rad8 17. Bxa6 Rxd1+ 18. Nxd1 Rd8 19. Bd3 Ng4 20. h3 Ne5
21. Bxh7 g6 22. h4 Rh8 23. Bxg6 Nxg6 24. g3 Be4 25. Kd2 Ne5 26. Kc1 Rg8 27. Nc3
Bc6 28. Kb2 Nf3 29. Rg2 Nxh4 30. Rh2 Nf5 31. Na2 Nxe3 32. Nb4 Bb7 33. Rh3 Nf5
34. Nd3 Rxg3 35. Rh2 Rg2 36. Rh8 Be4 37. Kc3 Bxd3 38. cxd3 Ne3 39. Rc8 Nd5+ 40.
Kc4 Rb2 41. Ra8 b5+ 42. axb5 Nb6+ 43. Kc3 Rxb3+ 44. Kxb3 Nxa8 45. Kb4 Nb6 46.
Kc5 Nd5 47. d4 f5 0-1

[Event "Challenge"]
[Site "http://www.queenalice.com/game.php?id=80832"]
[Date "2006.6.28"]
[Round "-"]
[White "pajabraba69"]
[Black "Winawer"]
[Result "1/2-1/2"]
[WhiteElo "1774"]
[BlackElo "1668"]

1. e4 e6 2. Nf3 d5 3. e5 c5 4. d4 Nc6 5. c3 Qb6 6. a3 cxd4 7. cxd4 Nge7 8. Bd3
Nf5 9. Bxf5 exf5 10. O-O Be7 11. Re1 O-O 12. b4 f6 13. e6 Nd8 14. Nc3 Bxe6 15.
Nxd5 Bxd5 16. Rxe7 Nc6 17. Re1 Bxf3 18. Qxf3 Qxd4 19. Be3 Qe4 20. Qxe4 fxe4 21.
Rad1 Rad8 22. b5 Rxd1 23. Rxd1 Ne5 24. a4 b6 25. Rc1 Rd8 26. h3 Kf7 27. Kf1 Rd7
28. Ke2 Ke6 29. Rc2 1/2-1/2

[Event "Challenge"]
[Site "http://www.queenalice.com/game.php?id=85537"]
[Date "2006.7.13"]
[Round "-"]
[White "brunoparadisi"]
[Black "Winawer"]
[Result "1-0"]
[WhiteElo "1833"]
[BlackElo "1650"]

1. e4 e6 2. Nf3 d5 3. exd5 exd5 4. d4 Nf6 5. Nc3 Bb4 6. Bd2 O-O 7. Ne2 Bd6 8.
Bf4 Bf5 9. Nh4 Bg4 10. f3 Bh5 11. Nf5 Bxf4 12. Nxf4 Re8+ 13. Be2 Qd7 14. Ng3 Bg6
15. Nxg6 hxg6 16. O-O Nc6 17. c3 Re6 18. Qb3 b6 19. Kf2 Rae8 20. Rae1 Qe7 21.
Qb5 Nh5 22. Nxh5 gxh5 23. Rh1 Na5 24. Qd3 Nc4 25. b3 Nd6 26. Qd2 Nf5 27. Bd3
Rxe1 28. Rxe1 Qxe1+ 29. Qxe1 Rxe1 30. Kxe1 Ne3 31. g3 g6 32. Bb5 Nf5 33. Kf2 Nd6
34. Bc6 Kf8 35. Bxd5 Nb5 36. c4 Nxd4 37. h4 Nc2 38. Be4 Nd4 39. Ke3 c5 40. b4
Ne6 41. b5 Ke7 42. g4 hxg4 43. fxg4 Kf6 44. g5+ Nxg5 45. hxg5+ Kxg5 46. Bc6 f5
47. Kf3 Kf6 48. Kf4 g5+ 49. Ke3 Ke5 50. Bd7 g4 51. Bc6 f4+ 52. Kf2 Kd4 53. Bd5
Kd3 54. Be6 Kc3 55. Ke2 Kb2 56. Bxg4 Kxa2 57. Kf3 Kb3 58. Be6 Kb4 59. Kxf4 Ka5
60. Ke3 a6 61. Bd7 axb5 62. Bxb5 Kb4 63. Ke4 1-0

[Event "AUTO-INT-117"]
[Site "http://www.queenalice.com/game.php?id=89654"]
[Date "2006.7.26"]
[Round "1"]
[White "Winawer"]
[Black "diegmr"]
[Result "0-1"]
[WhiteElo "1666"]
[BlackElo "1907"]

1. e4 e5 2. Nf3 Nc6 3. Bc4 Bc5 4. c3 Nf6 5. d4 Bb6 6. O-O O-O 7. Bg5 h6 8. Bh4
d6 9. Re1 Bg4 10. dxe5 Nxe5 11. Be2 c6 12. Nbd2 g5 13. Nxe5 Bxe2 14. Qxe2 dxe5
15. Bg3 Bc7 16. Nf3 Kg7 17. Bxe5 Re8 18. Bxc7 Qxc7 19. Nd4 Kg6 20. e5 Nd5 21.
Qe4+ Kg7 0-1

[Event "AUTO-INT-117"]
[Site "http://www.queenalice.com/game.php?id=89655"]
[Date "2006.7.26"]
[Round "1"]
[White "diegmr"]
[Black "Winawer"]
[Result "1-0"]
[WhiteElo "1873"]
[BlackElo "1679"]

1. d4 e6 2. c4 d5 3. cxd5 exd5 4. Nf3 Nf6 5. Bg5 Bb4+ 6. Nc3 O-O 7. Qb3 Nc6 8.
e3 h6 9. Bh4 g5 10. Bg3 Ne4 11. Bd3 Bxc3+ 12. bxc3 f5 13. Bxe4 fxe4 14. Nd2 Be6
15. O-O h5 16. Qxb7 1-0

[Event "AUTO-INT-117"]
[Site "http://www.queenalice.com/game.php?id=89656"]
[Date "2006.7.26"]
[Round "1"]
[White "Winawer"]
[Black "jaychess"]
[Result "1/2-1/2"]
[WhiteElo "1676"]
[BlackElo "1729"]

1. e4 e5 2. Nf3 Nc6 3. Bb5 d6 4. d4 exd4 5. Nxd4 Bd7 6. Nxc6 bxc6 7. Bc4 Nf6 8.
Nc3 Be7 9. O-O O-O 10. Re1 Bg4 11. f3 Bh5 12. g4 Bg6 13. h4 h6 14. Be3 Rb8 15.
Qd2 Rxb2 16. Bxh6 gxh6 17. Qxh6 Rxc2 18. Qxg6+ Kh8 19. Qh6+ Kg8 20. Qg6+ Kh8
1/2-1/2

[Event "AUTO-INT-117"]
[Site "http://www.queenalice.com/game.php?id=89657"]
[Date "2006.7.26"]
[Round "1"]
[White "jaychess"]
[Black "Winawer"]
[Result "0-1"]
[WhiteElo "1722"]
[BlackElo "1646"]

1. e4 e6 2. Nc3 d5 3. exd5 exd5 4. d4 Nf6 5. Nf3 Bd6 6. Bg5 O-O 7. Bd3 Re8+ 8.
Ne2 Bg4 9. Bxf6 Qxf6 10. h3 Bxf3 11. gxf3 Nc6 12. c3 Qxf3 13. Rf1 Qxh3 14. a3
Re7 15. Rc1 Rae8 16. Rc2 Na5 17. Qd2 Nc4 18. Bxc4 dxc4 19. b4 Rxe2+ 20. Qxe2
Rxe2+ 21. Kxe2 Qd3+ 22. Ke1 Qxc2 23. f3 Qxc3+ 24. Kf2 Qd2+ 25. Kg1 Qh2# 0-1

[Event "AUTO-OPEN-339"]
[Site "http://www.queenalice.com/game.php?id=89763"]
[Date "2006.7.26"]
[Round "1"]
[White "Diego_Silveira"]
[Black "Winawer"]
[Result "1-0"]
[WhiteElo "1853"]
[BlackElo "1659"]

1. e4 e6 2. d4 d5 3. Nd2 Nf6 4. e5 Nfd7 5. Bd3 c5 6. c3 Nc6 7. Ne2 Qb6 8. Nf3
cxd4 9. cxd4 Be7 10. O-O O-O 11. a3 f6 12. exf6 Bxf6 13. Rb1 Kh8 14. Be3 Qc7 15.
Qc2 e5 16. dxe5 Ndxe5 17. Nxe5 Bxe5 18. g3 Bh3 19. Rfc1 Qf7 20. Nf4 Bxf4 21.
Bxf4 g5 22. Be3 Qf3 23. Bf1 Bxf1 24. Rxf1 d4 25. Bxg5 1-0

[Event "AUTO-OPEN-339"]
[Site "http://www.queenalice.com/game.php?id=89764"]
[Date "2006.7.26"]
[Round "1"]
[White "Winawer"]
[Black "Diego_Silveira"]
[Result "1-0"]
[WhiteElo "1617"]
[BlackElo "1655"]

1. e4 c5 2. c3 d5 3. exd5 Qxd5 4. d4 Nc6 5. Nf3 Bg4 6. Be2 e6 7. O-O Nf6 8. Re1
cxd4 9. cxd4 Bxf3 10. Bxf3 Qxd4 11. Bxc6+ 1-0